000 00313nam a2200157Ia 4500
100 _aJoy/Mike/ Jarvis/A
650 _aunix
942 _cBK
366 _f20
245 _aIntroducing UNIX and LINUX
260 _bPalgrave
_c2002
082 _a5.133
_bJOY
300 _a306
546 _aENGLISH
999 _c32333
_d32333